000 00672nam a2200241Ia 4500
005 20260121112523.0
008 6666 260114s9999 xx 000 0 eng d
020 _a9789814291934
037 _aEBOOK
040 _aCRL
_beng
_cCRL
041 _aeng
_2eng
084 _qCRL
100 _aMok Ka Ho Et Al
_9958955
245 0 _aSocial Cohesion in Greater China: Challenges for Social Policy and Governance
260 _bWorld Scientific
260 _bWSPC
260 _c2010
650 _aAsian Studies
_9958956
856 _uhttps://www.worldscientific.com/worldscibooks/10.1142/7572#t=toc
942 _cEBOOK
999 _c1543966
_d1543966